000 00400 a2200133 4500
005 20250619070406.0
020 _a978-0-07-353016-1
100 _aBALL, D. A
245 _aInternational Business: The Challenge of Global Competition
260 _aMcgraw-Hill Irwin
_bNew York
_c2008
300 _axxxii, 623p.: ill; Figure, Graph Map
_bGrossary & Index
_c28cm
700 _aMCCULLOCH, W
942 _2ddc
_cBKS
999 _c4347
_d4347